MARC

LEADER 00000nam0a2200000 4500
001 62456
005 20231031063446.0
035 |a (RuTPU)RU\TPU\book\66240 
090 |a 62456 
100 |a 20040412d1982 km y0rusy50 ca 
101 0 |a rus 
102 |a RU 
105 |a a z 001zy 
200 1 |a Винтовые механизмы и передачи  |f А. И. Турпаев 
210 |a Москва  |c Машиностроение  |d 1982 
215 |a 223 с.  |c ил. 
320 |a Библиогр.: с. 220-221 
610 1 |a винтовые передачи 
610 1 |a винтовые механизмы 
610 1 |a проектирование 
610 1 |a расчеты 
675 |a 621.833.3  |v 3 
700 1 |a Турпаев  |b А. И.  |g Аркадий Иосифович 
801 1 |a RU  |b 63413507  |c 20040412  |g PSBO 
801 2 |a RU  |b 63413507  |c 20151128  |g PSBO 
942 |c BK